banner-ar

ربيع اسود / (Record no. 47509)

MARC details
000 -الفاتح
حقل البيانات ثابتة الطول 00530nam a2200181Ia 4500
008 - عناصر البيانات ثابتة الطول - معلومات عامة
حقل البيانات ثابتة الطول 140319s9999 xx 000 0 ara d
040 ## - مصدر الفهرسة
وكالة الفهرسة الأصلية GCL /
وكالة النسخ GCL
082 04 - رقم تصنيف ديوى العشرى
رقم التصنيف 823.03
رقم المادة م ر
100 1# - المدخل الرئيسى - إسم شخصى
الإسم الشخصى اسامة منزلجى
245 10 - بيان العنوان
العنوان ربيع اسود /
بيان المسئوليه,etc اسامة منزلجى
700 1# - المدخل الاضافى - اسم شخصى
الإسم الشخصى ميللر, هنرى
300 ## - الوصف المادى
التعداد 181 ص
490 ## - بيان السلسلة
عنوان السلسلة الهيئة العامة للاستعلامات
رقم المجلد/ التعيين التسلسلي 0
650 04 - المدخل الاضافى بالموضوع-مصطلح موضوعى
مصطلح موضوعي الادب الانجليزى
650 04 - المدخل الاضافى بالموضوع-مصطلح موضوعى
مصطلح موضوعي القصة الانجليزية
942 ## - عناصر المدخل الإضافي( كوها)
مصدر التصنيف او مخطط الترفيف Dewey Decimal Classification
Koha [default] item type كتاب
Holdings
حالة التراجع حالة الفقد حالة تلف ليس للاعارة المكان المؤقت الموقع الحالى تاريخ الاكتساب اجمالي اﻻعارات رقم الطلب الباركود تاريخ اخر مشاهدة تاريخ تفعيل السعر نوع وعاء كوها
        مكتبة القاهرة الكبرى مكتبة القاهرة الكبرى 03/26/2014   823.03\م ر 114748 03/26/2014 03/26/2014 كتاب

Powered By

EGPV